书目信息 |
| 题名: |
拯救欧元
|
|
| 作者: | 兰多 , 斯佩恰莱 著 ;雷曜 译 | |
| 分册: | ||
| 出版信息: | 北京 机械工业出版社 2021.04 |
|
| 页数: | 19,212页 | |
| 开本: | 23cm | |
| 丛书名: | ||
| 单 册: | ||
| 中图分类: | K837.125 , F825.00 | |
| 科图分类: | ||
| 主题词: | 欧元--货币政策--研究 | |
| 电子资源: | ||
| ISBN: | 978-7-111-67882-3 | |
| 000 | 01472nam0 2200349 450 | |
| 001 | 202021044916 | |
| 005 | 20211025120153.0 | |
| 010 | @a978-7-111-67882-3@dCNY69.00 | |
| 100 | @a20211006d2021 em y0chiy50 ea | |
| 101 | 1 | @achi@cger@cita |
| 102 | @aCN@b110000 | |
| 105 | @aa z 000yd | |
| 106 | @ar | |
| 200 | 1 | @a拯救欧元@AZheng Jiu Ou Yuan@e德拉吉时代@dMario Draghi l'artefice la vera storia dell'uomo che ha salvato l'turo@f(德)亚娜·兰多(Jana Randow),(意)亚历山德罗·斯佩恰莱(Alessandro Speciale)著@g雷曜译@zita |
| 210 | @a北京@c机械工业出版社@d2021.04 | |
| 215 | @a19,212页@c图@d23cm | |
| 300 | @a资本的游戏 | |
| 300 | @a华章经管 | |
| 305 | @a由Rizzoli通过YAOMEI授权出版 | |
| 330 | @a本书讲述了欧洲央行前行长马里奥·德拉吉拯救欧元的内幕。该书是对国际经济舞台上许多重要人物一系列会议和采访汇总的结果,生动还原了马里奥·德拉吉明确而完整的形象,还特别关注了银行监管这一关键问题以及欧盟及其中央货币当局的未来。 | |
| 333 | @a货币政策研究人员 | |
| 510 | 1 | @aMario Draghi l'artefice la vera storia dell'uomo che ha salvato l'turo@zita |
| 517 | 1 | @a德拉吉时代@ADe La Ji Shi Dai |
| 600 | 0 | @a德拉吉@c(Draghi, Mario)@x访问记 |
| 606 | 0 | @a欧元@x货币政策@x研究 |
| 690 | @aK837.125@v5 | |
| 690 | @aF825.00@v5 | |
| 701 | 0 | @c(德)@a兰多@ALan Duo@c(Randow, Jana)@4著 |
| 701 | 0 | @c(意)@a斯佩恰莱@ASi Pei Qia Lai@c(Speciale, Alessandro)@4著 |
| 702 | 0 | @a雷曜@ALei Yao@4译 |
| 801 | 0 | @aCN@c20210909 |
| 905 | @a河南城建学院图书馆@dK837.125@eL036 | |
| 拯救欧元:德拉吉时代=Mario Draghi l'artefice la vera storia dell'uomo che ha salvato l'turo/(德)亚娜·兰多(Jana Randow),(意)亚历山德罗·斯佩恰莱(Alessandro Speciale)著/雷曜译.-北京:机械工业出版社,2021.04 |
| 19,212页:图;23cm |
| 资本的游戏.-华章经管.-使用对象:货币政策研究人员 |
| ISBN 978-7-111-67882-3:CNY69.00 |
| 本书讲述了欧洲央行前行长马里奥·德拉吉拯救欧元的内幕。该书是对国际经济舞台上许多重要人物一系列会议和采访汇总的结果,生动还原了马里奥·德拉吉明确而完整的形象,还特别关注了银行监管这一关键问题以及欧盟及其中央货币当局的未来。 |
| ● |
| 相关链接 |
|
|
|
正题名:拯救欧元
索取号:K837.125/L036
 
预约/预借
| 序号 | 登录号 | 条形码 | 馆藏地/架位号 | 状态 | 备注 |
| 1 | 1544569 | 215445695 | 社科库309/309社科库 3排3列1层/ [索取号:K837.125/L036] | 在馆 | |
| 2 | 1544570 | 215445702 | 社科库309/309社科库 3排3列1层/ [索取号:K837.125/L036] | 在馆 |